Bosses in the Mario & Luigi series - Statistics

General Stats
  • This quiz has been taken 13 times
  • The average score is 73 of 148
Answer Stats
Location Answer % Correct
Peach's Castle | Toadley Clinic | Wayaway Island Bowser
100%
Bowser's Castle | Koopa Cruiser Fawful
92%
Bowser's Castle Bowletta
83%
Woohoo Hooniversity Cackletta
83%
Peach's Castle Dark Bowser & Dark Star Core
83%
Bowser's Castle Ludwig Von Koopa
83%
Gloomy Woods Rampaging Wiggler
83%
Chucklehuck Woods | Dimble Wood Wiggler
83%
Wakeport Wiggler & Popple
83%
Airway Dark Star
75%
Bowser's Castle Iggy Koopa
75%
Dreamy Neo Bowser Castle | Yoshi's Island Kamek
75%
Bowser's Castle Larry Koopa
75%
Bowser's Castle Lemmy Koopa
75%
Bowser's Castle Morton Koopa Jr.
75%
Peach's Castle Prince Bowser
75%
Shroob Castle Princess Shroob
75%
Bowser's Castle Roy Koopa
75%
Bowser's Castle Wendy O. Koopa
75%
Neo Bowser Castle | Zeepelin Antasma
67%
Bowser's Castle Cackletta's Soul
67%
Peach's Castle Dark Fawful
67%
Neo Bowser Castle Dreamy Bowser
67%
Shroob Castle Elder Princess Shroob
67%
Bowser's Castle | Cavi Cape Midbus
67%
Chucklehuck Woods Popple
67%
Flab Zone Alpha Kretin
58%
Thwomp Caverns Bowser and Baby Bowser
58%
Memory Banks Bowser Memory ML
58%
Nerve Cluster Durmite
58%
Gwarhar Lagoon Hermie III
58%
Beanbean Airport Mom Piranha
58%
Beanbean Fields Piranha Bean
58%
Teehee Valley Popple & Birdo
58%
Chateau de Chucklehuck | Woohoo Hooniversity Popple & Rookie
58%
Beanbean Castle Queen Bean
58%
Bowser's Castle Shroobs
58%
Vim Factory Swiggler
58%
Energy Hold Wisdurm
58%
Dreamy Somnom Woods Zeekeeper
58%
Peach's Castle Blizzard Midbus
50%
Dream’s Deep Bowser & Antasma
50%
Dimble Wood Bowser's Castle
50%
Challenge Node Bowser X
50%
Plack Beach Broggy
50%
Hoohoo Mountain Dragohoho
50%
Star Shrine Elder Shrooboid
50%
Dreamy Driftwood Shore Elite Trio
50%
Hoohoo Mountain Hoohooros
50%
Peach's Castle Garden Junker
50%
Gloomy Woods King Boo
50%
Thwomp Volcano Mrs. Thwomp
50%
Gritzy Caves | Sunbeam Plains Petey Piranha
50%
Flame Pipe Scutlet
50%
Peach's Castle Shrowser
50%
Peach's Castle Garden Super Peach's Castle of Fury
50%
Stardust Fiels Tolstar
50%
Challenge Node Alpha Kretin X
42%
Battle Ring Antasma X
42%
Dreamy Wakeport Big Massif
42%
Battle Ring Big Massif X
42%
Battle Ring Bowser & Antasma X
42%
Challenge Node Bowser Memory ML X
42%
Plack Beach Chakron
42%
Chucklehuck Woods Chuckolator
42%
Challenge Node Dark Star X
42%
Dreamy Pi’illo Castle Dreamy Mario
42%
Challenge Node Durmite X
42%
Dreamy Wakeport Earthwake
42%
Battle Ring Earthwake X
42%
Battle Ring Elite Trio X
42%
Bowser's Castle Fawful Express
42%
Dreamy Neo Bowser Castle Giant Bowser
42%
Fortress Zokket Glohm Bowser
42%
Mushrise Park Grobot
42%
Peach's Castle Junior Shrooboid
42%
Mount Brrr King Bob-omb
42%
Mount Pajamaja Mammoshka
42%
Dreamy Mount Pajamaja Mount Pajamaja
42%
Battle Ring Mount Pajamaja X
42%
Soli-Tree Reclusa
42%
Neo Bowser Castle | Twinsy Tropics Dungeon Roy & Wendy
42%
Koopaseum Shrooboid Brat
42%
Yoob's Belly Sunnycide
42%
Dozing Sands Torkscrew
42%
Battle Ring Torkscrew X
42%
Blubble Lake Tower of Yikk
42%
Teehee Valley Trunkle
42%
Challenge Node Wisdurm X
42%
Battle Ring Zeekeeper X
42%
Fortress Zokket Zokket
42%
Neo Bowser Castle Bowser Duo
33%
Bowser's Castle Bowser Jr. Duo
33%
Plack Beach Broque Monsieur
33%
Star Hill Commander Shroob
33%
Fortress Zokket Extension Corps.
33%
Battle Ring Giant Bowser X
33%
Lushgreen Sea, Great Lighthouse Island Glohm Gobblick
33%
Color-Full Sea, Great Lighthouse Island Glohm Sharpcask
33%
Lushgreen Sea, Great Lighthouse Island Gobblick
33%
Rumbla Island Gorumbla
33%
Conductor Island Great Conductor
33%
Battle Ring Grobot X
33%
Joke's End Jojora and her friend
33%
Neo Bowser Castle Kamek Duo
33%
Battle Ring Mammoshka X
33%
Neo Bowser Castle Papercraft Bowser
33%
Mount Brrr Papercraft Bowser Jr.
33%
Doop Doop Dunes Papercraft Kamek
33%
Bowser's Castle Papercraft King Boo
33%
Sunbeam Plains Paper Petey Piranha
33%
Dreamy Dozing Sands Robo-Drilldigger
33%
Battle Ring Robo-Drilldigger X
33%
Color-Full Sea, Great Lighthouse Island Sharpcask
33%
Neo Bowser Castle Shiny RoboBowser
33%
Plack Beach Stone Blooper
33%
Desolatt Island Ten
33%
Dreamy Wakeport Beef Cloud
25%
Doop Doop Dunes Chargin' Chuck Corps
25%
Rumbla Island Glohm Gorumbla
25%
Brrrning Sea, Great Lighthouse Island Glohm Pipegunk
25%
Dreamy Wakeport Heavy Zest
25%
Challenge Node Junker X
25%
Vim Factory L33t Hamm3r Broz.
25%
Neo Bowser Castle Lemmy, Morton, & Iggy
25%
Neo Bowser Castle | Twinsy Tropics Dungeon Ludwig & Larry
25%
Lottacoins Island Mega Snaptor
25%
Sunbeam Plains Papercraft Megacrinkle Goomba
25%
Somnom Woods Pi’illodium
25%
Battle Ring Pi'illodium X
25%
Brrrning Sea, Great Lighthouse Island Pipegunk
25%
Pi’illo Castle Underground Smoldergeist
25%
Dreamy Wakeport Sorrow Fist
25%
Dreamy Wakeport Thunder Sass
25%
Doop Doop Dunes Grotto Big Pokey Duo
17%
Pi’illo Blimport Fly Guy R Thieves
17%
No matching quizzes found
Score Distribution
Percent of People with Each Score
Percentile by Number Answered
Your Score History
You have not taken this quiz